000 00451nam a2200145Ia 4500
003 OSt
005 20260202154448.0
008 211028s2019 xx 000 0 und d
040 _cAIMIT LIBRARY
041 _aeng
100 _aGeorge, Gibin; Pereira, Divya.
_g1716063
_98042
245 _aStudy on impact of visual mercendising with special referance to Big Bazzar Banswadi Bangalore /
260 _aMangalore
_bDhananjaya K
_c2019
942 _2ddc
_cPRO
999 _c219610
_d219610